Music Quiz

Random Music Quiz

Smithsonian Jazz Challenge (111 Songs) Quiz Stats

 Plays Quiz not verified by Sporcle

Also try: Songs on Nevermind
Challenge
Share
Tweet
Click play above to begin the music, and scroll to find specific tracks. Song titles OR artist names are accepted.
Score 0/111 Timer 20:00
0 Plays Today
Track # Song Title % Correct
70So What
85.2%
67Summertime
82%
43Embraceable You
81.3%
11West End Blues
81.2%
90Miles Runs The Voodoo Down
80%
20Swing That Music
79.9%
12Weather Bird
79.7%
64Stompin' at the Savoy
79.4%
77My Favorite Things
78.8%
84E.S.P.
78.8%
50Boplicity
78.7%
80Cotton Tail
77.8%
32Ko-Ko
77.3%
9Black and Tan Fantasy
76.4%
71Giant Steps
75.7%
83A Love Supreme, Part 1: Acknowledgement
75.3%
1Maple Leaf Rag
74.7%
22Mean To Me
74.1%
28When Lights Are Low
71.2%
81One by One
68.8%
45Misterioso
67.6%
56Django
66.8%
82The Girl From Ipanema
66.2%
24One O' Clock Jump
64.6%
65Blues in the Closet
64%
63When I Grow Too Old to Dream
62.7%
8Back Water Blues
62.6%
51The Golden Bullet
62.4%
69Meet B.B.
62.4%
73Blue Rondo A La Turk
61.7%
97Birdland
61.4%
26Minor Swing
61.2%
72Better Git It In Your Soul
60.4%
87Isfahan
59.7%
30Honeysuckle Rose
59.3%
38Manteca
58.6%
68Moanin'
57.6%
Track # Song Title % Correct
61St. Thomas
56.1%
31Tiger Rag
55.7%
109Hey-Hee-Hi-Ho
55.7%
41I Want to be Happy
55.3%
86King of the Road
54.4%
19Dinah
54%
37Shaw 'Nuff
53.5%
92Watermelon Man
51.8%
33Hard Times (Topsy Turvy)
51.1%
74Ramblin'
50.9%
78Waltz for Debby
49.9%
76Wrap Your Troubles in Dreams
49.5%
29Body and Soul
48.9%
35Star Dust
47.8%
18Maple Leaf Rag
46.8%
57The Preacher
45.6%
6Black Bottom Stomp
43%
55Daahoud
42.4%
102The Glide is in the Ride
42.2%
53Walkin' Shoes
41.6%
75Work Song
41.4%
34I Can't Believe That You're in Love With Me
41.3%
96Maple Leaf Rag
37.8%
44Four Brothers
37.4%
40Dexter Rides Again
36.8%
66Ol' Man River
36.3%
89Matrix
36%
42Indiana
35%
15You've Got To Be Modernistic
34.8%
106Down The Avenue
34.4%
95Bright Size Life
34.1%
4Dipper Mouth Blues
30.8%
91Celestial Terrestrial Commuters
30.4%
7Singin' the Blues (Till My Daddy Comes Home)
30.2%
10From Monday On
30.2%
14Handful of Riffs
29.9%
2In Gloryland
28.5%
Track # Song Title % Correct
98My Song
28.5%
5The Stampede
26.3%
94Jitney No.2
23.6%
5423 Degrees North, 82 Degrees West
23%
79Round Midnight
21%
27Mary's Idea
20.4%
104Nothing Personal
20.1%
3Livery Stable Blues
18.8%
62Call for All Demons
18.8%
36Let Me Off Uptown
18.3%
39Virgo
18%
49Wow
17.7%
21Honky Tonk Train Blues
17.4%
105Airegin
15.8%
58I'll Remember April
15.4%
46Lady Bird
14%
25Harlem Congo
13.7%
85Haig & Haig
13.7%
100Bush Magic
13.4%
13That's a Serious Thing
11.5%
48September in the Rain
11.2%
23For Dancers Only
11.1%
16Moten Swing
9.4%
47Tanga
9.2%
60Tricrotism
8.8%
88The New National Anthem (From a Genuine Tong Funeral)
8.5%
108Kilayim
7.8%
110Neutralisme
7.6%
17Everybody Loves My Baby
7.1%
52Popo
7.1%
59Jonaleh
6.6%
101Steppin'
6.5%
111Suspended Night Variation VIII
6.2%
93Long Yellow Road
5.6%
103Manenberg (revisited)
5.2%
99Iya
4.9%
107Ting Ning
2.9%

You're not logged in!

Compare scores with friends on all Sporcle quizzes.
Join for Free
OR
Log In

You Might Also Like...

Show Comments

Extras

Top Quizzes Today


Score Distribution

Your Account Isn't Verified!

In order to create a playlist on Sporcle, you need to verify the email address you used during registration. Go to your Sporcle Settings to finish the process.

Report this User

Report this user for behavior that violates our Community Guidelines.

Details: